| 000 | 01160cam a22003255a 4500 | ||
|---|---|---|---|
| 999 |
_c20000 _d19972 |
||
| 001 | 015855411 | ||
| 003 | OSt | ||
| 005 | 20201203140951.0 | ||
| 008 | 110718s2011 enka frbf f001 0 eng d | ||
| 020 | _a9780199583294 (pbk.) | ||
| 020 | _a0199583293 (pbk.) | ||
| 040 |
_aStDuBDS _beng _cStDuBDS _dUk _dEG-ScBUE |
||
| 082 | 0 | 4 |
_a617.605 _bOXF _222 |
| 245 | 0 | 0 |
_aOxford handbook of oral and maxillofacial surgery / _cLuke Cascarini ... [et al.] |
| 246 | 3 | 0 | _aHandbook of oral and maxillofacial surgery |
| 260 |
_aOxford ; _aNew York : _bOxford University Press, _c2011. |
||
| 300 |
_axviii, 273 p. : _bill. ; _c18 cm. |
||
| 490 | 0 | _aOxford handbooks | |
| 490 | 0 | _aOxford Medical Publications | |
| 500 | _aIndex : p. 267-273. | ||
| 500 | _aThe essential quick-reference guide to OMFS. | ||
| 504 | _aIncludes bibliographical references. | ||
| 650 | 0 |
_aFace _xSurgery _vHandbooks, manuals, etc. _2BUEsh |
|
| 650 | 0 |
_aMouth _xSurgery _vHandbooks, manuals, etc. _2BUEsh |
|
| 650 | 0 |
_aMaxilla _xSurgery _vHandbooks, manuals, etc. _2BUEsh _935959 |
|
| 651 | _2BUEsh | ||
| 653 |
_cJune2015 _cJuly2015 |
||
| 700 | 1 | _aCascarini, Luke. | |
| 942 |
_2ddc _k617.522059 OXF |
||